Heroídes / (Record no. 116040)

MARC details
000 -LEADER
campo de control de longitud fija 00759nam a2200217 4500
001 - NÚMERO DE CONTROL
campo de control 116040
003 - IDENTIFICADOR DE NÚMERO DE CONTROL
campo de control ES-MaACL
005 - FECHA Y HORA DE LA ÚLTIMA TRANSACCIÓN
campo de control 20250927125251.0
007 - CAMPO FIJO DE DESCRIPCIÓN FÍSICA--INFORMACIÓN GENERAL
campo de control de longitud fija t|
008 - DATOS DE LONGITUD FIJA--INFORMACIÓN GENERAL
campo de control de longitud fija 061121s1928 fr r ||||1| fre d
100 1# - ENTRADA PRINCIPAL--NOMBRE DE PERSONA
Nombre de persona Ovidio Nasón, Publio.
9 (RLIN) 88013
245 10 - MENCIÓN DEL TÍTULO
Título Heroídes /
Mención de responsabilidad, etc. Publio Ovidio Nason ; texte établi par Henri Bornecque et traduit par Marcel Prévost.
260 ## - PUBLICACIÓN, DISTRIBUCIÓN, ETC.
Lugar de publicación, distribución, etc. Paris :
Nombre del editor, distribuidor, etc. Société d'Edition `Les Belles Lettres`,
Fecha de publicación, distribución, etc. 1928.
300 ## - DESCRIPCIÓN FÍSICA
Extensión XXIII, 164 p. ;
Dimensiones 21 cm.
490 1# - MENCIÓN DE SERIE
Mención de serie Collection des Universités de France
700 1# - ENTRADA AGREGADA--NOMBRE PERSONAL
Nombre de persona Bornecque, Henri.
9 (RLIN) 30521
700 1# - ENTRADA AGREGADA--NOMBRE PERSONAL
Nombre de persona Prévost, Marcel,
Fechas asociadas al nombre 1862-1941
9 (RLIN) 93819
830 0# - PUNTO DE ACCESO ADICIONAL DE SERIE-TÍTULO UNIFORME
Título uniforme Collection des Universités de France
9 (RLIN) 180876
852 ## - LOCALIZACIÓN
Ubicación ES-MaACL
Número de control de estantería C-6827
Sublocalización o colección R.14829
Holdings
Estatus retirado Estado de pérdida Estado de daño No para préstamo Biblioteca de origen Biblioteca actual Ubicación en estantería Fecha de adquisición Fuente de adquisición Total de préstamos Signatura topográfica completa Código de barras Visto por última vez Precio de reemplazo Tipo de ítem Koha
        Biblioteca del Ateneo de Madrid Biblioteca del Ateneo de Madrid Sala Palomar 17/01/2008     C-6827 1121007 23/02/2023 23/02/2023 Libro impreso